00389nam a2200145Ia 4500008004100000020001800041041000800059082001700067100001400084245004800098260002400146300002800170365001700198700002800215230718s9999 xx 000 0 und d a9780262037242 aeng a006.7'8bFOS aFoster I. aCloud Computing For Science And Engineering c2017bThe MIT Press a372dRef 1622 C (64182) cRs.b4581.50 aFoster I. & Gannon D.B.